000 00248nam a22000857a 4500
008 161130b xxu||||| |||| 00| 0 eng d
100 _91627
_aBanerjee,A., etal
245 _aInteractions in English- Main Course III
260 _aNew Delhi
_bFrank Bro.
_c2005
999 _c4340
_d4340